[Event "33rd ECCC Open 2017"]
[Site "Antalya"]
[Date "2017.10.11"]
[Round "3"]
[White "Naiditsch, Arkadij"]
[Black "Vocaturo, Daniele"]
[Result "1/2-1/2"]
[WhiteElo "2702"]
[BlackElo "2607"]
[Annotator "TA"]
[PlyCount "78"]
[EventType "team-tourn"]
[EventCountry "TUR"]
[SourceTitle "playchess.com"]
[Source "ChessBase"]
[SourceQuality "1"]
[WhiteTeam "Odlar Yurdu"]
[BlackTeam "Padova"]

{[%evp 17,78,-39,-40,-145,-41,-69,-17,-29,-27,-33,-27,-30,-28,-27,-25,-31,-34,-31,6,7,7,5,17,11,11,0,12,-35,-34,-29,-30,-45,-31,-72,-68,-68,-40,-35,-33,-45,-45,-41,0,-1,-1,-16,-6,-6,-6,-6,0,0,0,0,0,0,0,-2,0,0,0,0,0]} 1. d4 Nf6 2. Bf4 e6 3. e3 d5 4. Nd2 Bd6 5. Bg3 O-O 6. Ngf3 c5 7. c3 Qc7 8. Bd3 Nbd7 9. Bh4 {D02: Damenbauernspiele} (9. Rc1 e5 10. dxe5 Nxe5 11. Nxe5 Bxe5 12. Nf3 Bxg3 13. hxg3 h6 14. Qa4 Re8 15. O-O Bg4 16. Nh2 Be6 {½-½ (32) Agrest,E (2593)-Vocaturo,D (2596) Barcelona 2017}) 9... b6 {LiveBook: 3 Partien} 10. g4 $146 ({Günstiger ist} 10. Rc1 $15) ({Vorgänger:} 10. O-O Bb7 11. Qe2 Ne4 12. Bg3 Nxg3 13. hxg3 c4 14. Bc2 f5 15. Ng5 Rae8 16. Ba4 Bc6 17. Bxc6 Qxc6 {0-1 (43) Yilmazyerli,M (2454)-Erenberg,A (2342) Graz 2017}) 10... Bb7 (10... Nxg4 $17 11. Rg1 f5) 11. Bg3 {Schwarz steht etwas besser.} e5 (11... h6 $15 12. g5 hxg5) 12. g5 Ne4 13. dxe5 Nxe5 14. Bxe4 dxe4 15. Nxe5 $1 Bxe5 16. Nc4 f6 17. Qg4 Rad8 {Und weiter mit ...Lxg3 wäre nett.} (17... Bc8 $5 {[%cal Rc8g4]} 18. Qh4 Ba6 19. gxf6 Bxf6 20. Qxf6 Rxf6 21. Bxc7 Bxc4 $15) 18. Qe6+ Qf7 $132 {[%mdl 2048] Schwarz has counterplay} 19. Qxf7+ Rxf7 20. Nxe5 fxe5 21. Rd1 Rd3 22. Rg1 Rfd7 23. Rxd3 exd3 $15 {[%mdl 4096] Endspiel KTL-KTL} 24. Kd2 e4 25. h4 Bd5 26. b3 Bf7 27. c4 Bh5 28. a4 a5 29. Be5 Kf7 30. g6+ $1 {Die Stellung ist ausgeglichen.} Bxg6 31. Bc3 Kf8 32. Rg5 Rf7 33. Ke1 Ke8 34. h5 Rf5 35. Rxf5 Bxf5 36. Bxg7 Kd7 37. Kd2 Bg4 38. h6 Bf3 39. Be5 Kc6 {Precision: Weiß = 60%, Schwarz = 43%.} 1/2-1/2

[Event "33rd ECCC Open 2017"]
[Site "Antalya"]
[Date "2017.10.12"]
[Round "3"]
[White "Inarkiev, Ernesto"]
[Black "Svidler, Peter"]
[Result "1/2-1/2"]
[WhiteElo "2693"]
[BlackElo "2760"]
[Annotator "TA"]
[PlyCount "119"]
[EventType "team-tourn"]
[EventCountry "TUR"]
[WhiteTeam "Legacy Square Capital"]
[BlackTeam "Mednyi Vsadnik"]

{[%evp 27,119,27,42,57,45,54,52,50,47,33,33,33,33,38,29,23,24,35,31,20,18,19,42,51,64,44,75,72,74,60,54,59,54,56,52,34,40,34,34,34,36,39,34,34,49,27,23,16,16,11,8,0,0,0,14,10,4,8,11,13,10,0,0,0,13,13,10,0,0,0,0,0,0,0,0,0,0,0,0,0,0,0,0,0,0,0,0,0,0,0,0,0,0,0]} 1. e4 e5 2. Nf3 Nc6 3. Bb5 a6 4. Ba4 Nf6 5. O-O Be7 6. Re1 b5 7. Bb3 d6 8. c3 O-O 9. h3 Re8 10. Ng5 Rf8 11. Nf3 Re8 12. d4 Bb7 13. Nbd2 Bf8 14. a4 Qd7 15. d5 {C92: Closed Ruy Lopez: 9...Be6, Karpov and Flohr-Zaitsev Variations} (15. Bc2 exd4 16. cxd4 Nb4 17. Bb1 g6 18. Ra3 bxa4 19. Rxa4 a5 20. Ra3 Bg7 21. e5 dxe5 22. dxe5 Nfd5 23. Ne4 {0-1 (75) Gashimov,V (2717)-Svidler,P (2738) Sochi 2008}) 15... Ne7 16. Nf1 h6 17. N3h2 {White is slightly better.} c6 {[%cal Rc6d5]} 18. dxc6 Bxc6 19. Ng4 Nxg4 20. hxg4 d5 $146 ({Predecessor:} 20... bxa4 21. Rxa4 d5 22. exd5 Nxd5 {½-½ (56) Maslak,K (2545)-Tikkanen,H (2434) Pardubice 2009}) 21. axb5 axb5 22. Rxa8 Rxa8 23. exd5 Nxd5 24. Rxe5 {[%cal Rb3d5]} Nb6 {[#] Threatens to win with ...Qxd1.} 25. Qxd7 Bxd7 26. f3 Nc4 27. Bxc4 bxc4 28. Be3 Rb8 29. Rd5 Be6 30. Rd2 f5 31. g5 hxg5 32. Bxg5 Kf7 33. Kf2 Bc5+ 34. Be3 Be7 35. f4 Rd8 36. Bd4 g5 37. fxg5 Bxg5 {The position is equal.} 38. Re2 Rb8 39. Nh2 Bc1 40. Be3 Bxb2 41. Nf3 Bd5 ({Not} 41... Bxc3 $2 42. Ng5+ Kf6 43. Nxe6 $18) 42. Ne5+ Kg7 $1 43. Bd4 Kh6 44. Be3+ Kg7 45. Bd4 Kh6 46. Nd7 Rb3 47. Nc5 Ba3 48. Nxb3 cxb3 $11 {[%mdl 4096] Endgame KRB-KB} 49. c4 Bxc4 50. Re8 Bd3 51. Rb8 Bc2 52. Be5 Bc1 53. g3 {And now Bf4+ would win.} Kg5 54. Rb4 Kh5 55. Ke2 Kg6 56. Rb6+ Kf7 57. Kf3 Bd1+ 58. Kf2 Bc2 59. Ke2 Ke7 60. Kf2 {Precision: White = 63%, Black = 84%.} 1/2-1/2

[Event "33rd ECCC Open 2017"]
[Site "Antalya"]
[Date "2017.10.11"]
[Round "3"]
[White "Kryvoruchko, Yuriy"]
[Black "Danielsen, Magnus"]
[Result "1-0"]
[WhiteElo "2692"]
[BlackElo "2060"]
[Annotator "TA"]
[PlyCount "49"]
[EventType "team-tourn"]
[EventCountry "TUR"]
[WhiteTeam "Alkaloid"]
[BlackTeam "Valerenga"]

{[%evp 18,49,52,58,70,72,71,71,71,71,72,72,89,77,96,93,104,101,105,106,126,92,144,152,251,250,283,293,371,371,434,424,551,504]} 1. e4 d5 2. exd5 Qxd5 3. Nc3 Qd6 4. d4 Nf6 5. Nf3 g6 6. Bc4 Bg7 7. O-O O-O 8. h3 a6 9. a4 {B01: Scandinavian Defence} Nc6 10. b3 {LiveBook: 12 Games} Re8 $146 ({Predecessor:} 10... Ne8 11. Ba3 Qd8 12. Re1 Nd6 13. Bd5 Bd7 14. Qd3 e6 15. Bxc6 Bxc6 16. Ne5 Be8 {½-½ (67) Vovk,A (2549)-Tiviakov,S (2656) Altenkirchen 2012}) 11. Ba3 {White is slightly better.} Qd8 12. Ne5 e6 13. Nxc6 bxc6 14. Re1 a5 15. Qd3 Qd7 16. Rad1 $36 {[%mdl 2048] White is really pushing.} Rd8 17. Bc1 {[%cal Ba3c1,Bc1f4,Bf4e5][%mdl 32]} h6 18. Qf3 Kh7 19. Bf4 Ba6 {[#]} (19... Bb7 $142) 20. Be5 $1 $16 {[%cal Re5f6]} Nd5 (20... Bxc4 $16 21. Bxf6 (21. bxc4 Ne8 $16) 21... Bd5 22. Nxd5 Qxd5 23. Bxd8 Qxf3 24. gxf3 Rxd8) 21. Ne4 $18 {[%cal Bc3e4,Be4f6,Bf6d5][%mdl 32]} Qe7 22. Bxd5 cxd5 {[#]} 23. Nf6+ $1 Kh8 {[#]} 24. Nxd5 $1 {[%mdl 512]} Qd7 (24... Rxd5 25. Qxd5) 25. Qf4 {Precision: White = 98%, Black = 39%.} 1-0

[Event "33rd ECCC Open 2017"]
[Site "Antalya"]
[Date "2017.10.12"]
[Round "3"]
[White "Malakhov, Vladimir"]
[Black "Fedoseev, Vladimir"]
[Result "1-0"]
[WhiteElo "2691"]
[BlackElo "2733"]
[Annotator "TA"]
[PlyCount "121"]
[EventType "team-tourn"]
[EventCountry "TUR"]
[WhiteTeam "Legacy Square Capital"]
[BlackTeam "Mednyi Vsadnik"]

{[%evp 10,121,10,10,10,10,10,10,10,8,19,15,29,36,23,30,28,28,29,27,50,26,54,52,45,43,38,22,37,37,37,25,25,25,16,18,18,21,21,21,26,14,10,4,4,2,3,4,4,1,6,0,0,0,0,0,0,0,0,0,0,0,0,0,0,11,75,75,75,75,75,75,75,68,68,68,75,75,75,75,75,75,107,108,96,71,59,16,138,147,136,172,204,173,865,858,841,805,795,749,678,584,1808,1703,1945,1685,1719,1619,1577,1227,6810,6083,29956,7016]} 1. Nf3 b6 2. g3 d5 3. Bg2 Bb7 4. d4 e6 5. O-O Nf6 6. Ne5 {LiveBook: 4 Games} Qc8 $146 {D02: 1 d4 d5 2 Nf3 sidelines, including 2...Nf6 3 g3 and 2...Nf6 3 Bf4} ({Predecessor:} 6... Be7 7. c4 O-O 8. Qa4 Qe8 9. Qxe8 Rxe8 10. Nc3 Na6 11. Bf4 c5 12. Rfd1 Red8 13. Rac1 cxd4 14. Nb5 d3 15. Nxd3 Nc5 16. Ne5 Kf8 17. Be3 Ncd7 18. Bd4 Nxe5 19. Bxe5 {½-½ (31) Landa,K (2570)-Psakhis,L (2590) Vienna 1996}) 7. c4 dxc4 8. Qa4+ Nfd7 $1 {The position is equal.} 9. Nxd7 Nxd7 10. Bc6 Rb8 11. Qxc4 Bxc6 12. Qxc6 Qb7 13. Qxb7 Rxb7 14. Nc3 b5 15. Be3 Nb6 16. Rfc1 Kd7 17. Ne4 {Strongly threatening Nc5+.} Nc4 18. b3 Nxe3 19. fxe3 Rb6 20. Nc5+ Bxc5 21. Rxc5 $11 {[%mdl 4096] Endgame KRR-KRR} Rhb8 22. Rac1 R8b7 23. e4 Ra6 24. R1c2 Ra3 25. e5 a5 {[%cal Ba7a5,Ba5a4,Ba4a3,Ba3a2][%mdl 32]} 26. R5c3 b4 27. Rf3 Ke8 28. g4 a4 29. g5 c6 30. Kf2 Rd7 31. Rd3 Kd8 32. Rxc6 Rxa2 33. Rb6 a3 34. Rxb4 Rb2 35. Ra4 a2 36. Rc3 Rc7 37. Rcc4 Kc8 (37... Kd7 $11 {keeps the balance.}) 38. Ra7 $1 $16 Rxc4 39. bxc4 {KR-KR} Kb8 40. Ra4 Kc7 41. Kf3 Kc6 42. h4 {[%cal Bh2h4,Bh4h5][%mdl 32]} h5 43. gxh6 gxh6 44. e4 Rc2 45. Ke3 Rh2 {[#]} 46. h5 $1 {[%mdl 512]} Rh3+ (46... Rxh5 47. Rxa2) 47. Kf4 $1 Rh4+ 48. Kf3 $1 Rh2 (48... Rh3+ $1 $11 49. Kg2 Rh4) 49. d5+ $1 Kc5 50. d6 Kc6 51. Ke3 $1 Kc5 $2 (51... Rh3+ 52. Kd4 Rh2) 52. d7 $18 Rh3+ 53. Kd2 Rh2+ 54. Kc3 Rh3+ {[#]} 55. Kb2 $1 Rh2+ {[#]} 56. Ka1 $1 Rd2 57. Ra5+ Kb4 {[#]} 58. Rd5 $1 {[%cal Rd5d2][%mdl 512]} exd5 59. d8=Q d4 {[#]} 60. c5 $1 {[%cal Bc4c5,Bc5c6][%mdl 32]} d3 (60... Kxc5 61. Qa5+) 61. c6 {Precision: White = 74%, Black = 64%.} 1-0

[Event "33rd ECCC Open 2017"]
[Site "Antalya"]
[Date "2017.10.11"]
[Round "3"]
[White "Sasikiran, Krishnan"]
[Black "Giri, Anish"]
[Result "1/2-1/2"]
[WhiteElo "2677"]
[BlackElo "2762"]
[Annotator "TA"]
[PlyCount "69"]
[EventType "team-tourn"]
[EventCountry "TUR"]
[SourceTitle "playchess.com"]
[Source "ChessBase"]
[SourceQuality "1"]
[WhiteTeam "Novy Bor"]
[BlackTeam "Globus"]

{[%evp 16,69,23,24,22,0,23,0,16,12,20,10,8,0,0,0,0,0,0,0,0,-5,52,46,44,53,42,52,45,43,46,45,79,64,74,83,74,72,68,65,65,74,64,2,2,5,0,0,0,0,0,0,0,0,0,0]} 1. e4 c5 2. Nf3 d6 3. d4 cxd4 4. Nxd4 Nf6 5. Nc3 a6 6. Be2 e5 7. Nb3 Be7 8. O-O O-O 9. Re1 Be6 {B92: Sicilian Najdorf: 6 Be2} 10. Bf3 Qc7 11. Be3 Nbd7 12. a4 Rfc8 13. h3 h6 {[#]} 14. Nc1 $146 ({Predecessor:} 14. a5 b5 15. axb6 Nxb6 16. Na5 Nc4 17. Nxc4 Bxc4 18. Ra4 Rab8 19. Qa1 Bd8 20. Rd1 a5 21. Qa3 Be7 22. Qa1 Bd8 23. Qa3 Be7 24. Qa1 {½-½ (26) Kobalia,M (2666)-Kulaots,K (2585) Plovdiv 2012}) 14... Bd8 15. N1e2 Qb8 16. Ng3 Ba5 17. Bd2 Qc7 18. Rb1 {[%cal Ba1b1,Bb1b3,Bb3g3,Bg3g6][%mdl 32]} Nb6 (18... Rab8 $11) 19. b4 $36 {[%mdl 2048] White has good play.} Nc4 20. Bc1 Bb6 21. a5 Ba7 22. Nd5 Qd8 23. Rb3 b6 {[#]} 24. Nf5 $1 Nxd5 {[#]} 25. Nxh6+ $1 {[%mdl 512]} gxh6 26. exd5 Bd7 27. Bh5 {[%mdl 1024] And now Bxf7+ would win. White has compensation.} Qh4 $1 {Strongly threatening ...b5.} 28. Rg3+ Kh8 29. Qf3 (29. Bxf7 $14 bxa5 30. Rf3) 29... f5 $1 $11 {Threatens to win with ...Rg8.The position is equal.} ({Don't go for} 29... bxa5 $2 {[#]} 30. Bg5 $1 $18 {[%mdl 512]}) 30. Rg6 bxa5 31. Rxh6+ Kg7 32. Rg6+ Kh7 $1 33. Rh6+ Kg7 34. Rg6+ Kh7 $1 35. Rh6+ {Precision: White = 58%, Black = 72%.} 1/2-1/2

[Event "33rd ECCC Open 2017"]
[Site "Antalya"]
[Date "2017.10.11"]
[Round "3"]
[White "Nisipeanu, Liviu-Dieter"]
[Black "Mamedov, Nidjat"]
[Result "1/2-1/2"]
[WhiteElo "2672"]
[BlackElo "2596"]
[Annotator "TA"]
[PlyCount "69"]
[EventType "team-tourn"]
[EventCountry "TUR"]
[WhiteTeam "Baia Mare"]
[BlackTeam "Genc"]

{[%evp 14,69,8,12,18,7,12,25,58,51,66,64,67,58,77,81,82,68,68,68,62,65,46,28,36,31,42,32,53,41,57,52,48,14,16,0,0,-2,47,47,75,73,100,99,128,113,141,143,185,175,182,170,156,161,137,84,89,80]} 1. e4 e5 2. Nf3 Nf6 3. Nxe5 d6 4. Nf3 Nxe4 5. Qe2 Qe7 6. d3 Nf6 7. Nc3 Qxe2+ 8. Bxe2 Be7 {C42: Petroff Defence: 3 Nxe5 and unusual White 3rd moves} (8... g6 9. O-O Bg7 10. Nd4 Bg4 11. Bg5 Bxe2 12. Rae1 Kd7 13. Rxe2 Na6 14. Rfe1 Rhe8 15. a3 c6 16. Rxe8 Rxe8 17. Rxe8 Nxe8 {½-½ (50) Harikrishna,P (2737)-Giri,A (2798) Skopje 2015}) 9. Bf4 Nc6 10. O-O-O Bf5 $146 {White has an edge.} ({Predecessor:} 10... Be6 11. Rhe1 h6 12. h3 O-O-O 13. d4 Nb4 14. Bg3 Rhe8 15. a3 Nbd5 16. Nxd5 {½-½ (16) Huebner,R (2605)-Fridman,D (2661) Ohrid 2009}) 11. d4 Nb4 12. d5 $1 a5 13. a3 Na6 14. Rhe1 Kd8 15. Nd4 Bd7 16. h3 Re8 17. g4 Nc5 18. Bc4 h6 19. Bg3 Nh7 20. f3 {[%cal Bf2f3,Bf3f4][%mdl 32]} Bg5+ 21. f4 Bf6 22. Rxe8+ Kxe8 23. Re1+ Kf8 24. Ndb5 $36 {[%mdl 2048] Black is under pressure.} Bxc3 25. Nxc3 ({Don't play} 25. bxc3 Nf6 $17) 25... Nf6 26. Bh4 Ne8 27. Kd2 Rb8 28. b4 axb4 29. axb4 {[%cal Ba3b4,Bb4b5,Bb5b6][%mdl 32]} Na4 30. Nxa4 Bxa4 31. b5 {Hoping for Ra1.} c6 32. dxc6 bxc6 33. b6 Bb5 34. Bxb5 (34. Bb3 $142) 34... cxb5 $16 35. Bf2 {Precision: White = 72%, Black = 59%.} 1/2-1/2

[Event "33rd ECCC Open 2017"]
[Site "Antalya"]
[Date "2017.10.11"]
[Round "3"]
[White "Guseinov, Gadir"]
[Black "Brunello, Sabino"]
[Result "1/2-1/2"]
[WhiteElo "2647"]
[BlackElo "2555"]
[Annotator "TA"]
[PlyCount "104"]
[EventType "team-tourn"]
[EventCountry "TUR"]
[WhiteTeam "Odlar Yurdu"]
[BlackTeam "Padova"]

{[%evp 20,104,19,17,12,6,29,38,27,31,41,27,25,25,24,34,23,25,25,17,13,7,25,27,30,27,48,53,52,37,138,119,122,114,114,113,121,41,41,39,102,98,104,95,55,100,98,18,34,-65,-12,0,0,0,-10,-32,0,0,0,0,0,0,0,0,0,0,0,0,0,0,0,0,10,10,10,10,10,10,10,10,10,10,7,0,0,0,5]} 1. e4 e5 2. Nf3 Nc6 3. Bb5 a6 4. Ba4 Nf6 5. O-O Be7 6. Re1 b5 7. Bb3 d6 8. c3 {[%cal Bc2c3,Bc3d4][%mdl 32]} O-O 9. d4 Bg4 10. Be3 Bh5 11. Nbd2 {[%cal Bb1d2,Bd2f1,Bf1g3][%mdl 32]} exd4 {C91: Closed Ruy Lopez: 7...d6 8 c3 0-0 9 d4} (11... Na5 12. Bc2 Ng4 13. Qe2 Nxe3 14. Qxe3 Bxf3 15. Nxf3 Nc4 16. Qc1 Bf6 17. a4 b4 18. cxb4 exd4 19. Bd3 {½-½ (48) Nepomniachtchi,I (2742)-Svidler,P (2749) Saint Louis 2017}) 12. cxd4 Nb4 13. Nf1 c5 {White is slightly better.} ({Not} 13... Nxe4 $2 14. a3 $18) 14. a3 Nc6 15. Ng3 Bxf3 16. gxf3 cxd4 $146 ({Predecessor:} 16... g6 17. f4 cxd4 18. Bxd4 Nxd4 19. Qxd4 {1-0 (37) Martynov,A-Lavrentyev,Y (2305) ICCF email 2008}) 17. Bxd4 Nxd4 18. Qxd4 g6 19. Kh1 Rc8 20. Rg1 Kh8 21. Rad1 Qc7 22. Rc1 Qxc1 23. Rxc1 Rxc1+ 24. Kg2 Kg8 (24... Rc5 $14) 25. Qa7 $36 {[%mdl 2048] White is on the roll.} Re8 26. Qxa6 Rc5 27. Qb7 Kf8 28. a4 (28. f4 $16) 28... bxa4 $14 29. Bxa4 {Hoping for b4.} Rec8 {[#]} (29... Rd8 $1 $14) 30. b4 $1 $16 {[%cal Rb4c5]} R5c7 31. Qb6 d5 32. e5 Nd7 33. Qd4 (33. Qa5 $16) 33... Rc4 $1 $11 {[%cal Rc4d4]} 34. Qa1 ({White should try} 34. Qe3 $14 Nc5 35. bxc5 Rxa4 36. e6 fxe6 37. Ne2) 34... Ra8 ({Better is} 34... Nb6 $15 35. e6 f6) 35. Qd1 Nb6 36. Bb5 Rxb4 37. Be2 Ra2 {[#] Strongly threatening ...h5.} 38. Qc1 {The position is equal.} Rbb2 {White must now prevent ...Nc4.} 39. Qc6 h5 40. e6 h4 41. exf7 Kxf7 42. Bd3 $1 {[%cal Rd3g6]} Rxf2+ 43. Kh3 Rxh2+ 44. Kg4 Ra4+ 45. f4 Rxf4+ 46. Kxf4 Rf2+ 47. Kg4 Rf6 48. Qb7 hxg3 49. Kxg3 Rd6 50. Bb5 {Threatens to win with Bc6.} Nc4 51. Bxc4 dxc4 52. Qe4 c3 {Precision: White = 66%, Black = 54%.} 1/2-1/2

[Event "33rd ECCC Open 2017"]
[Site "Antalya"]
[Date "2017.10.12"]
[Round "3"]
[White "Zvjaginsev, Vadim"]
[Black "Rodshtein, Maxim"]
[Result "1/2-1/2"]
[WhiteElo "2643"]
[BlackElo "2699"]
[Annotator "TA"]
[PlyCount "64"]
[EventType "team-tourn"]
[EventCountry "TUR"]
[WhiteTeam "Legacy Square Capital"]
[BlackTeam "Mednyi Vsadnik"]

{[%evp 10,64,0,0,0,0,0,0,7,2,0,0,13,0,7,15,23,9,8,0,5,5,10,16,4,3,40,10,19,-7,0,3,27,12,14,0,17,0,0,0,0,0,0,0,0,0,0,0,0,0,0,0,0,0,0,0,15]} 1. e4 e5 2. Nf3 Nc6 3. Bc4 Bc5 4. O-O Nf6 5. Nc3 d6 6. d3 Na5 {C50: Hungarian Defence and Giuoco Pianissimo} 7. Bb3 a6 (7... O-O 8. Bg5 h6 9. Bh4 c6 10. d4 Nxb3 11. axb3 exd4 12. Nxd4 g5 13. Bg3 d5 14. exd5 Nxd5 {½-½ (37) Zvjaginsev,V (2673)-Duda,J (2678) Barcelona 2016}) 8. h3 h6 9. Ne2 O-O 10. Ng3 $146 ({Predecessor:} 10. Bd2 Nxb3 11. axb3 Be6 12. Ng3 Qd7 13. Re1 Ba7 14. Qc1 Kh7 15. Re2 Rac8 16. Qf1 Rg8 17. Nh4 g5 18. Nhf5 Ne8 19. Be3 Bb8 {1-0 (50) Vacula,P-Hlinka,J Svetla nad Sazavou 1994}) 10... Re8 11. Re1 b5 12. c3 Nxb3 13. axb3 Bb6 14. Be3 Bxe3 15. Rxe3 c5 16. d4 exd4 17. cxd4 Ra7 {[%cal Ba8a7,Ba7c7,Bc7c5][%mdl 32]} 18. Rc1 Rc7 19. dxc5 Rxc5 20. Ra1 Bb7 21. Qd4 Qc7 {The position is equal.} 22. Rae1 Re6 23. R3e2 Rc1 24. Qa7 Rc5 25. b4 Rc4 26. Nd4 Re8 {Hoping for ...Ra8.} 27. Ndf5 $1 Rxb4 {[#]} 28. Nxd6 $1 {[%mdl 512]} Qxd6 29. Qxb7 Qe5 30. Qxa6 Rxb2 31. Rxb2 Qxb2 32. Qd6 Qe5 {Precision: White = 69%, Black = 59%.} 1/2-1/2

[Event "33rd ECCC Open 2017"]
[Site "Antalya"]
[Date "2017.10.12"]
[Round "3"]
[White "Lupulescu, Constantin"]
[Black "Yazici, Ugur Doga"]
[Result "1-0"]
[WhiteElo "2620"]
[BlackElo "2213"]
[Annotator "TA"]
[PlyCount "99"]
[EventType "team-tourn"]
[EventCountry "TUR"]
[WhiteTeam "Baia Mare"]
[BlackTeam "Genc"]

{[%evp 18,99,43,43,43,43,43,43,43,38,45,25,34,30,30,30,30,30,30,30,37,27,32,24,34,26,36,29,89,74,74,68,61,57,78,72,86,68,78,60,91,86,83,30,109,102,209,209,205,208,202,202,186,182,195,182,151,151,170,8,8,10,11,11,47,0,0,0,150,74,1293,1286,1222,1093,5089,4501,5455,4366,5595,5385,5455,4213,29978,29979]} 1. Nf3 Nf6 2. c4 c5 3. Nc3 Nc6 4. d4 cxd4 5. Nxd4 Qb6 6. Nb3 e6 7. a3 d5 8. Be3 {A31: Englische Eröffnung (Symmetrische Variante)} Qd8 9. cxd5 Nxd5 10. Nxd5 {LiveBook: 7 Partien. Weiß steht etwas besser.} Qxd5 $146 ({Vorgänger:} 10... exd5 11. g3 Be7 12. Bg2 Bf6 13. Nd4 O-O 14. O-O Re8 15. Re1 Bg4 {½-½ (29) Ivanchuk,V (2731)-Dobrov,V (2490) Jurmala 2015}) 11. Qxd5 exd5 12. g3 Be7 13. Bg2 Be6 14. Nd4 Bf6 15. O-O-O O-O 16. Nxe6 fxe6 17. Kb1 Ne5 18. f4 Nc4 19. Bc1 Nd6 20. g4 g6 21. h4 Rad8 22. h5 Ne4 (22... Bg7 $11) 23. Bxe4 dxe4 24. hxg6 hxg6 25. Be3 b6 26. Rc1 Bd4 27. Bxd4 Rxd4 $16 {[%mdl 4096] Endspiel KTT-KTT} 28. Rc6 {Schwarz muss nun e3 beachten.} e3 29. Rxe6 Rfxf4 30. g5 ({Lieber} 30. Rxg6+ $16 Kf7 31. Rc6) 30... Kf7 (30... Rd2 $11 {hält das Gleichgewicht.}) 31. Rxe3 {Und weiter mit Th7+ wäre nett.} Rde4 (31... Rh4 $16 {war nötig.} 32. Rf3+ Kg7 33. Rxh4 Rxh4) 32. Rh7+ $18 Ke6 33. Rxe4+ Rxe4 34. Rxa7 {KT-KT} Kf5 {[#]} 35. Ra6 $1 Kxg5 36. Rxb6 Kf5 37. Rb8 g5 {[#]} 38. Kc2 $2 (38. Rf8+ $1 $18 Kg6 39. Rf2) 38... Rxe2+ $11 39. Kd3 Re6 40. Rf8+ Ke5 41. Rg8 Kf4 42. a4 {[%cal Ba3a4,Ba4a5,Ba5a6][%mdl 32]} Re3+ (42... Ra6 $1 $11) 43. Kd2 $16 {Und Tf8+ würde nun gewinnen.} Re7 $2 {[%mdl 8192]} (43... Rb3 $16) 44. a5 $18 g4 45. b4 Ra7 46. Kc3 g3 47. Kc4 Rc7+ 48. Kb5 Rf7 49. a6 Rf5+ 50. Ka4 {Precision: Weiß = 75%, Schwarz = 36%.} 1-0

[Event "33rd ECCC Open 2017"]
[Site "Antalya"]
[Date "2017.10.14"]
[Round "3"]
[White "Stevic, Hrvoje"]
[Black "Abbas, Daniel"]
[Result "1/2-1/2"]
[WhiteElo "2616"]
[BlackElo "2329"]
[Annotator "TA"]
[PlyCount "147"]
[EventType "team-tourn"]
[EventCountry "TUR"]
[WhiteTeam "Nice Alekhine"]
[BlackTeam "3CS Oldham"]

{[%evp 17,147,37,41,39,58,50,50,52,53,47,44,50,89,80,79,73,83,84,96,77,89,79,82,79,105,96,104,115,108,81,83,6,24,0,0,0,0,0,0,5,7,0,0,1,1,0,0,0,0,0,0,0,0,0,0,0,0,0,0,0,0,0,0,0,0,0,0,0,0,0,0,0,0,0,0,0,0,0,0,0,0,0,0,0,0,0,0,0,0,0,0,0,0,0,0,0,0,0,0,0,0,0,0,0,0,0,0,0,0,0,0,0,0,0,8,0,0,0,0,0,0,0,0,0,0,0,0,0,0,0,0,0]} 1. e4 c5 2. Nf3 e6 3. d4 cxd4 4. Nxd4 Nc6 5. Nc3 Qc7 6. Qd3 {B47: Sicilian: Taimanov: 5 Nc3 Qc7 6 f4, 6 g3 and 6 Be2} (6. Be2 Nf6 7. Be3 d6 8. O-O Be7 9. Kh1 O-O 10. a4 Bd7 11. Ndb5 Qb8 12. f4 a6 13. Nd4 Nxd4 14. Qxd4 Bc6 15. a5 {½-½ (22) Jakovenko,D (2710)-Inarkiev,E (2694) Sochi 2017}) 6... a6 7. Nxc6 dxc6 8. Qg3 Qxg3 9. hxg3 e5 {LiveBook: 6 Games} 10. Na4 Nf6 $146 ({Predecessor:} 10... Be6 11. Be3 Nf6 12. f3 Nd7 13. Nb6 Rd8 {½-½ (31) Rajkovic,M (2327)-Pikula,D (2441) Belgrade 2016}) 11. Nb6 Rb8 12. f3 Be6 13. Be3 Nd7 14. O-O-O Bc5 15. Bxc5 Nxc5 {[#]} 16. Bc4 $1 $36 {[%mdl 2048] White is in control.} Bxc4 17. Nxc4 f6 18. Nd6+ Kf8 19. f4 exf4 20. gxf4 g6 21. b4 Na4 22. Rh3 Ke7 23. c4 c5 24. Ra3 (24. b5 $16) 24... b5 25. cxb5 axb5 {The position is equal.} 26. bxc5 Rhd8 $1 27. Rd5 Nxc5 28. Ra7+ Ke6 29. Rxc5 Kxd6 $11 {[%mdl 4096] Endgame KRR-KRR} 30. Rd5+ Ke6 31. f5+ gxf5 32. Ra6+ Ke7 33. Rxf5 Rd4 34. Rfxf6 Rc8+ 35. Kb2 Rxe4 36. Rh6 Re2+ 37. Kb3 Rxg2 38. Rxh7+ Kd8 39. Raa7 {[#] Rh8+ would kill now.} Re2 40. a3 (40. Rad7+ {feels hotter.} Ke8 41. Rdg7 Kd8 42. Kb4 Rb2+ 43. Ka3) 40... Re3+ 41. Kb4 Re4+ 42. Kxb5 Re5+ 43. Kb6 Re6+ 44. Kb7 Rec6 45. Rh8+ Kd7 46. Rxc8 (46. Rh3 {is more complex.} R8c7+ 47. Kb8 Rxa7 48. Rd3+ Rd6 49. Rxd6+ Kxd6 50. Kxa7 Kc6 51. Kb8) 46... Rxc8 {KR-KR} 47. Kb6+ Kd6 48. a4 Rc6+ 49. Kb5 Rc5+ 50. Kb4 Rc1 51. Rh7 Kc6 52. Ka5 Rb1 53. Ka6 Ra1 {[%cal Ra1a4]} 54. a5 (54. Rh4 {with more complications.} Kc7 55. Rc4+ Kb8 56. Rb4+ Ka8 57. Rh4) 54... Ra2 55. Rh5 Kc7 56. Ka7 {Threatens to win with a6.} Rb2 57. a6 {And now Rc5+ would win.} Rb1 58. Rh7+ Kc8 59. Rb7 Rc1 60. Rb2 Kc7 61. Rb8 Rc2 62. Rb1 $1 {[%cal Rb1b7]} ({Much less strong is} 62. Rb7+ $6 Kc6 $16) 62... Rc3 63. Rh1 {Black must now prevent Rh7+.} Rb3 64. Rc1+ Kd7 65. Ka8 {Strongly threatening Rc2.} Rb2 66. a7 {Hoping for Rc5.} Rb3 67. Rh1 {aiming for Rc1.} Kc7 68. Rh7+ Kc8 69. Rh8+ Kc7 70. Rb8 Rc3 71. Rb7+ Kc8 72. Rb8+ Kc7 73. Rb7+ Kc8 74. Rb8+ {Precision: White = 59%, Black = 91%.} 1/2-1/2